000 004020000a22001090004500
090 _aAS
_bSeriadas
245 1 0 _aFormación para un medio ambiente tropical. Propuestas de un marco conceptual
041 0 _aEspaƱol
100 1 _aMora Osejo, Luis Eduardo
_912168
942 _cARTICULO
773 1 _tRevista de la Academia Colombiana de Ciencias Exactas, Fisicas y Naturales
_332
_hSupl. Esp.
_q717-721
_d1999
_g23
999 _c14212
_d14212